000 00426nam a2200145Ia 4500
008 230917s9999||||xx |||||||||||||| ||und||
040 _e5013714
_aMAIN
041 _aEnglish
082 _a004 S58S
100 _aSangeeta Rani
245 0 _aSocial networking sites' sentiment classification using an ensemble approach employing statistical feature selection methods
260 _c2021
300 _axvi, 171 p.
942 _cBK
999 _c10490
_d10490